000 00422nam a22001817a 4500
003 MPLRDC
005 20220104114207.0
008 210129b ||||| |||| 00| 0 eng d
020 _a7-80519-026-7
082 _a857.44 YXF
100 _a严霞峰
245 _a况公案
_c
250 _a一版一刷
260 _a
_b江苏古籍出版社
_c1987
300 _b
650 _a章回小说
942 _cBK
_o857.44 YXF
999 _c5567
_d5557